000 00834nam a22002417a 4500
999 _c161411
_d161411
005 20190808115523.0
010 _a1819CHEN B-719112-9132
020 _a9789352750979
_c595.00
035 _aB-719112-9132
035 _aB-728548
037 _bBharatiya Sahitya Bhavana
082 _aS
100 _aPilkey, Dav
245 _aDogman /
_cby Dav Pilkey; illustrated by Dav Pilkey
260 _aNew York
_bScholastic
_c2018 (repr.)
270 _a557 Broadway
_bNew York
_e10012
300 _a231p.:
_bcol. ill.
_c21cm(Hb)
500 _aAirport
700 _aPilkey, Dav
942 _2ddc
_cCH
_mPIL
_hS